[Event "Olympiad-44"]
[Site "Chennai"]
[Date "2022.07.31"]
[Round "3.2"]
[White "Alharthi, Ahmed Mohammed A"]
[Black "Kojima, Shinya"]
[Result "0-1"]
[WhiteElo "1935"]
[BlackElo "2346"]
[PlyCount "74"]
[EventDate "2022.07.29"]
[EventType "team-swiss"]
[EventRounds "11"]
[EventCountry "IND"]
[SourceTitle "CBM 210"]
[Source "ChessBase"]
[SourceDate "2022.10.31"]
[SourceVersion "1"]
[SourceVersionDate "2022.10.31"]
[SourceQuality "1"]
[WhiteTeam "Saudi Arabia"]
[BlackTeam "Japan"]
[WhiteTeamCountry "SAU"]
[BlackTeamCountry "JPN"]

1. d4 d5 2. Bf4 Nf6 3. e3 e6 4. c3 c5 5. Nd2 Bd6 6. Bg3 0-0 7. Ngf3 Qc7 8. Bd3 Nbd7 9. 0-0 Bxg3 10. hxg3 e5 11. e4 dxe4 12. Nxe4 Nxe4 13. Bxe4 Nf6 14. Bc2 exd4 15. cxd4 Rd8 16. Qc1 c4 17. Bd3 Be6 18. b3 b5 19. bxc4 bxc4 20. Qc2 Qa5 21. Be2 Rac8 22. Rac1 c3 23. Bd3 g6 24. Ra1 Rb8 25. Qc1 Kg7 26. Bc2 Rb2 27. Bb3 Bd5 28. Ne5 Rc8 29. Nd3 Rd2 30. Rd1 Re8 31. Nf4 Bxb3 32. axb3 Qb4 33. Nd3 Qxd4 34. Rxd2 cxd2 35. Qb1 Rc8 36. Ra4 Rc1+ 37. Kh2 Rxb1 0-1